000 00493cam a22001217a 4500
008 180718b1973 xxu||||| |||| 00| 0 eng d
082 _aA81x54 In2/71/6/PT10A&B/G
100 _aCensus of India 1971
245 _aHaryana district census handbook, Gurgaon: village and town directoy, village and townwise primary census abstract
260 _aChandigarh
_bThe Controller, Printing and Stationery
_c1973
300 _a271+p.
440 _aCensus of India 1971. Series-6, Haryana. Part X-A & Part X-B
999 _c485038
_d485038